Power Rangers Mystic Force [ Volume 4
General viewing for all ages (U)
| Main Author: | |
|---|---|
| Format: | Book |
| Published: |
s.l :
BVS Entertainment ,
2008
|
| Subjects: |
MARC
| LEADER | 00000cam a2200000 7i4500 | ||
|---|---|---|---|
| 001 | 0000124231 | ||
| 005 | 20080806.0 | ||
| 090 | 0 | 0 | |a JF |b POW |
| 100 | 1 | |a Haskell, Charlie | |
| 245 | 1 | 0 | |a Power Rangers Mystic Force [ |h video compact disc] : |b Volume 4 |c Charlie Haskell |
| 260 | |a s.l : |b BVS Entertainment , |c 2008 | ||
| 300 | |a 1 Video compact disc (40 minutes) : |b col | ||
| 500 | |a Library has 1 copy | ||
| 520 | 0 | |a General viewing for all ages (U) | |
| 650 | 0 | 0 | |a Children's Movies, English |
| 999 | |a AV 21253 |b VIDEO COMPACT DISC |c PINJAMAN |e PERPUSTAKAAN KOMUNITI PETALING JAYA | ||